000 00576nam a2200169Ia 4500
008 220216s9999 xx 000 0 und d
100 _aJi Wan
245 0 _aSeasonal variations in rubber biosynthesis, 3-Hydroxy-3-Methylglutaryl-Coenzyme A Reductase, and rubber transferase activities in Parthenium argentatum in the Chihuahuan desert
260 _bPlant Physiology
_c1993
300 _a535-542
650 _aParthenium argentatum
650 _aRubber biosynthesis
650 _aRubber content
700 _aBenedict Chauncey
700 _aFoster Michael
942 _cJS
999 _c68505
_d68505